राष्ट्र और मुसलमान / (Record no. 119627)
[ view plain ]
| 000 -LEADER | |
|---|---|
| fixed length control field | 01201nam a22002777a 4500 |
| 003 - CONTROL NUMBER IDENTIFIER | |
| control field | dpl |
| 005 - DATE AND TIME OF LATEST TRANSACTION | |
| control field | 20190425114353.0 |
| 008 - FIXED-LENGTH DATA ELEMENTS--GENERAL INFORMATION | |
| fixed length control field | 190425b ||||| |||| 00| 0 eng d |
| 010 ## - LIBRARY OF CONGRESS CONTROL NUMBER | |
| LC control number | B-072539 |
| 020 ## - INTERNATIONAL STANDARD BOOK NUMBER | |
| Terms of availability | 250.00 |
| International Standard Book Number | 817016530 |
| 035 ## - SYSTEM CONTROL NUMBER | |
| System control number | B-072539, B-072543 |
| 037 ## - SOURCE OF ACQUISITION | |
| Source of stock number/acquisition | Cen Lib/Ret |
| 040 ## - CATALOGING SOURCE | |
| Original cataloging agency | DPL |
| Language of cataloging | HN |
| Transcribing agency | 0 |
| 082 ## - DEWEY DECIMAL CLASSIFICATION NUMBER | |
| Classification number | 305.6971054 |
| Item number | शर्माना |
| 100 ## - MAIN ENTRY--PERSONAL NAME | |
| Personal name | शर्मा, नासिरा |
| 9 (RLIN) | 85935 |
| 245 ## - TITLE STATEMENT | |
| Title | राष्ट्र और मुसलमान / |
| Statement of responsibility, etc | नासिरा शर्मा |
| 246 ## - VARYING FORM OF TITLE | |
| Title proper/short title | Rashtr aur muslaman / |
| Remainder of title | by Nasira Sharma |
| 260 ## - PUBLICATION, DISTRIBUTION, ETC. (IMPRINT) | |
| Name of publisher, distributor, etc | किताबघर प्रकाशन |
| Date of publication, distribution, etc | 2002 |
| Place of publication, distribution, etc | नई दिल्ली |
| 270 ## - ADDRESS | |
| Address | 24, अंसारी रोड, दरियागंज |
| City | नई दिल्ली |
| Postal code | 110002 |
| 300 ## - PHYSICAL DESCRIPTION | |
| Extent | 263पृ. |
| Dimensions | 20सेमी(सजिल्द) |
| 650 ## - SUBJECT ADDED ENTRY--TOPICAL TERM | |
| Topical term or geographic name as entry element | राष्ट्र -- धर्म और समाज |
| 9 (RLIN) | 84681 |
| 650 ## - SUBJECT ADDED ENTRY--TOPICAL TERM | |
| Topical term or geographic name as entry element | समाज -- शिक्षा एवं कानून |
| 9 (RLIN) | 85936 |
| 650 ## - SUBJECT ADDED ENTRY--TOPICAL TERM | |
| Topical term or geographic name as entry element | Nation - Religion and Society |
| 9 (RLIN) | 85937 |
| 650 ## - SUBJECT ADDED ENTRY--TOPICAL TERM | |
| Topical term or geographic name as entry element | Society - Education and Law |
| 9 (RLIN) | 85938 |
| 942 ## - ADDED ENTRY ELEMENTS (KOHA) | |
| Source of classification or shelving scheme | Dewey Decimal Classification |
| Koha item type | Hindi Books |
| Classification part | 305.6971054 |
| Call number suffix | शर्माना |
| Withdrawn status | Lost status | Damaged status | Not for loan | Home library | Current library | Date acquired | Source of acquisition | Cost, normal purchase price | Total Checkouts | Full call number | Barcode | Date last seen | Copy number | Cost, replacement price | Price effective from | Koha item type | Source of classification or shelving scheme | Collection code |
|---|---|---|---|---|---|---|---|---|---|---|---|---|---|---|---|---|---|---|
| Central Library | Central Library | 17/09/2015 | Cen Lib/Ret | 250.00 | 305.6971054 शर्माना | B-072539 | 17/09/2015 | 1 | 250.00 | 17/09/2015 | Hindi Books | |||||||
| Shahdara Branch | Shahdara Branch | 25/04/2019 | BPPD/PUB | 250.00 | 305.6971054 शर्माना | B-072543 | 25/04/2019 | 250.00 | 25/04/2019 | Hindi Books | Dewey Decimal Classification | Non-fiction |
